| 000 | 01086cam a2200325 a 4500 | ||
|---|---|---|---|
| 001 | 17240242 | ||
| 005 | 20141112145824.0 | ||
| 008 | 120403t2013 xxuad frb 001 0 eng d | ||
| 010 | _a2012004762 | ||
| 020 | _a9781449627904 | ||
| 020 | _a1449627900 | ||
| 040 |
_aDLC _cDLC _dDLC _dEG-ScBUE |
||
| 043 | _an-us--- | ||
| 082 | 0 | 0 |
_a352.480973 _222 _bLEE |
| 100 | 1 |
_aLee, Robert D. _936508 |
|
| 245 | 1 | 0 |
_aPublic budgeting systems / _cRobert D. Lee, Ronald W. Johnson, and Philip G. Joyce. |
| 250 | _a9th ed. | ||
| 260 |
_aBurlington, United States : _bJones & Bartlett Learning, _cc.2013. |
||
| 300 |
_axiii, 656 p. : _bcharts, tables ; _c27 cm. |
||
| 500 | _aIndex : p. 633-656. | ||
| 504 | _aBibliography : p. 625-631. | ||
| 650 | 0 |
_aBudget _zUnited States _936513 |
|
| 650 | 0 |
_aBudget process _zUnited States _936509 |
|
| 650 | 0 |
_aProgram budgeting _zUnited States _936510 |
|
| 653 |
_bBUSADM _cNovember2014 |
||
| 655 |
_vreading book _934232 |
||
| 700 | 1 |
_aJohnson, Ronald Wayne, _d1942- _936511 |
|
| 700 | 1 |
_aJoyce, Philip G., _d1956- _936512 |
|
| 942 |
_2ddc _k352.480973 LEE |
||
| 999 |
_c18607 _d18579 |
||